Sensible and co-operative solutions under the Party Wall etc. Act 1996 (Record no. 65598)
[ view plain ]
| 000 -LEADER | |
|---|---|
| fixed length control field | 01048cam a2200229 4500 |
| 001 - CONTROL NUMBER | |
| control field | ABS63248 |
| 008 - FIXED-LENGTH DATA ELEMENTS--GENERAL INFORMATION | |
| fixed length control field | 000000n2000 000 0 eng u |
| 035 ## - SYSTEM CONTROL NUMBER | |
| System control number | (Sirsi) u109984 |
| 100 ## - MAIN ENTRY--PERSONAL NAME | |
| Personal name | Lord, A |
| 245 ## - TITLE STATEMENT | |
| Title | Sensible and co-operative solutions under the Party Wall etc. Act 1996 |
| 260 ## - PUBLICATION, DISTRIBUTION, ETC. | |
| Date of publication, distribution, etc. | 2000 |
| 490 ## - SERIES STATEMENT | |
| Series statement | Structural Survey |
| Volume/sequential designation | 18(5) December 2000, 259-261(3) |
| 520 ## - SUMMARY, ETC. | |
| Summary, etc. | This paper notes the challenges faced by surveyors outside London by the demands of implementing the new party wall legislation. It pays tribute to John Anstey's guidance in this area and emphasises the importance of adopting a practical and common-sense approach to the legislation. It cites a recent example where this approach was found to be successful and notes the continuing development of party wall expertise nationwide. Journal abstract. |
| 590 ## - LOCAL NOTE (RLIN) | |
| Local note | ABS |
| 650 ## - SUBJECT ADDED ENTRY--TOPICAL TERM | |
| Topical term or geographic name entry element | Party walls |
| 9 (RLIN) | 6258 |
| 650 ## - SUBJECT ADDED ENTRY--TOPICAL TERM | |
| Topical term or geographic name entry element | PARTY WALL ETC ACT 1996 |
| 650 ## - SUBJECT ADDED ENTRY--TOPICAL TERM | |
| Topical term or geographic name entry element | NOTICE |
| 650 ## - SUBJECT ADDED ENTRY--TOPICAL TERM | |
| Topical term or geographic name entry element | AWARDS |
| 650 ## - SUBJECT ADDED ENTRY--TOPICAL TERM | |
| Topical term or geographic name entry element | SURVEYORS |
| 690 ## - LOCAL SUBJECT ADDED ENTRY--TOPICAL TERM (OCLC, RLIN) | |
| Topical term or geographic name as entry element | Boundary disputes |
| 9 (RLIN) | 6221 |
| 942 ## - ADDED ENTRY ELEMENTS (KOHA) | |
| Suppress in OPAC | 0 |
| Withdrawn status | Lost status | Source of classification or shelving scheme | Damaged status | Not for loan | Home library | Current library | Shelving location | Date acquired | Total Checkouts | Full call number | Barcode | Date last seen | Copy number | Price effective from | Koha item type |
|---|---|---|---|---|---|---|---|---|---|---|---|---|---|---|---|
| Dewey Decimal Classification | London | London | Journal article | 15/12/2000 | ABS63248 | 109984-1001 | 06/08/2019 | 1 | 06/08/2019 | Journal article |